1502 1136 1610 1970 1194 1236 1234 1626 1745 1451 1814 1006 1461 1466 1881 1064 1320 1901 1989 1800 1695 1471 1775 1215 1692 1955 1437 1798 1191 1205 1752 1454 1471 1002 1225 1642 1839 1848 1211 1133 1730 1409 1048 1064 1471 1312 1540 1294 1121 1471 1099 1265 1227 1551 1176 1341 1771 1072 1957 1059 1407 1650 1137 1958 1240 1605 1542 1277 1984 1206 1512 1067 1297 1102 1277 1681 1533 1631 1274 1929 1017 1856 1404 1327 1961 1549 1081 1756 1755 1633 1019 1716 1645 1222 1935 1435 1684 1511 1423 BCNSPRNW ULIB Ver.6.0+V

เปลี่ยนเป็นภาษาไทย

Change to English
 แสดงรายละเอียดบรรณานุกรม
  กลับหน้าหลัก

Brief Record : Get Marc (ISO 2709) : E-mail record : QR code < ปิดหน้าต่าง
LEADER : 00000nam 2200000uu 4500
001    13399109088
003     ULIB
008    110220s2549||||th 000 0 tha d
060  4 WS460^bส31ค 2549
100 0  ศรีสุดา เอกลัคนารัตน์
245 00 คู่มือการสร้างเสริมสุขภาพเด็ก/^cศรีสุดา เอกลัคนารัตน์
260    นครสวรรค์:^bวิทยาลัยพยาบาลบรมราชชนนี สวรรค์ประชารักษ์ นครสวรรค์,^c2549
300    50 หน้า
650  7 การสร้างเสริมสุขภาพเด็ก
650  7 เด็ก^xการสร้างเสริมสุขภาพ
710 2  กระทรวงสาธารณสุข.^bสถาบันพระบรมราชนก.^bวิทยาลัยพยาบาลบรมราชชนนี สวรรค์ประชารักษ์ นครสวรรค์.
995    ทศพร
999 ^a ใช้งานได้ทุกระบบ
รายการนี้ยังไม่มีแท็ก
คุณยังไม่ได้ล็อกอิน คุณสามารถมีกิจกรรมร่วมกับเว็บไซต์ได้ แต่ต้องล็อกอินก่อน ::
  ล็อกอิน

รายการสื่อสารสนเทศ

ลำดับที่ ประเภท เลขเรียก/บาร์โค้ด สถานที่ สถานะ
- ไม่พบข้อมูล -

รายการใกล้เคียง
    ผู้แต่ง [ศรีสุดา เอกลัคนารัตน์]

    หัวเรื่อง [การสร้างเสริมสุขภาพเด็ก]

BibComment


ยังไม่เคยถูกคอมเมนท์

คอมเมนท์ทรัพยากรรายการนี้
  คอมเมนท์: คู่มือการสร้างเสร..


 Copyright 2026. Bcnsprnw @Library